Đạo đức 5

Kaydedildi:
Detaylı Bibliyografya
Materyal Türü: Kitap
Dil:Undetermined
Baskı/Yayın Bilgisi: Hà Nội Giáo dục 2006
Konular:
Etiketler: Etiketle
Etiket eklenmemiş, İlk siz ekleyin!
Thư viện lưu trữ: Trung tâm Học liệu Trường Đại học Cần Thơ
LEADER 00494nam a2200193Ia 4500
001 CTU_106747
008 210402s9999 xx 000 0 und d
020 |c 2900 
082 |a 372 
082 |b Đ108/L5 
245 0 |a Đạo đức 5 
245 0 |c Lưu Thu Thuỷ ... [et al.] 
260 |a Hà Nội 
260 |b Giáo dục 
260 |c 2006 
650 |a Ethics 
650 |x Study and teaching 
904 |i Tuyến 
980 |a Trung tâm Học liệu Trường Đại học Cần Thơ